<?xml version="1.0" encoding="UTF-8"?>
<record
    xmlns:xsi="http://www.w3.org/2001/XMLSchema-instance"
    xsi:schemaLocation="http://www.loc.gov/MARC21/slim http://www.loc.gov/standards/marcxml/schema/MARC21slim.xsd"
    xmlns="http://www.loc.gov/MARC21/slim">

  <leader>00539nam a2200193Ia 4500</leader>
  <controlfield tag="001">65989</controlfield>
  <controlfield tag="008">230711n        ii  |||gr||||Z||||||465</controlfield>
  <datafield tag="020" ind1=" " ind2=" ">
    <subfield code="a">8121801869</subfield>
  </datafield>
  <datafield tag="082" ind1=" " ind2=" ">
    <subfield code="a">181.452</subfield>
  </datafield>
  <datafield tag="100" ind1=" " ind2=" ">
    <subfield code="a">Tripathi, Rama Sankar ,</subfield>
    <subfield code="e">Author.,</subfield>
  </datafield>
  <datafield tag="245" ind1=" " ind2="0">
    <subfield code="a">Patanjala yoga darsanam</subfield>
    <subfield code="c">Rama Sankar Tripathi</subfield>
    <subfield code="h">Textual Documents</subfield>
  </datafield>
  <datafield tag="260" ind1=" " ind2=" ">
    <subfield code="a">Varanasi</subfield>
    <subfield code="b">CHAUKHAMBHA PUBLISHERS</subfield>
  </datafield>
  <datafield tag="300" ind1=" " ind2=" ">
    <subfield code="a">510P.:</subfield>
    <subfield code="c">22cm.</subfield>
  </datafield>
  <datafield tag="653" ind1=" " ind2=" ">
    <subfield code="a">Sanskrit</subfield>
  </datafield>
  <datafield tag="653" ind1=" " ind2=" ">
    <subfield code="a">Patanjala yoga darsanam</subfield>
  </datafield>
  <datafield tag="653" ind1=" " ind2=" ">
    <subfield code="a">Sanskrit Literature</subfield>
  </datafield>
  <datafield tag="653" ind1=" " ind2=" ">
    <subfield code="a">P.G Sanskrit</subfield>
  </datafield>
  <datafield tag="942" ind1=" " ind2=" ">
    <subfield code="2">ddc</subfield>
    <subfield code="c">BK</subfield>
  </datafield>
  <datafield tag="952" ind1=" " ind2=" ">
    <subfield code="0">0</subfield>
    <subfield code="1">0</subfield>
    <subfield code="4">0</subfield>
    <subfield code="7">0</subfield>
    <subfield code="8">Text Books</subfield>
    <subfield code="a">SKBL</subfield>
    <subfield code="b">SKBL</subfield>
    <subfield code="d">2023-07-11</subfield>
    <subfield code="e">29</subfield>
    <subfield code="f">00000</subfield>
    <subfield code="g">450.00</subfield>
    <subfield code="l">4</subfield>
    <subfield code="o">181.452 Tr67Pa</subfield>
    <subfield code="p">3517/CU/SAN</subfield>
    <subfield code="r">2025-06-27 13:38:15</subfield>
    <subfield code="s">2025-03-27</subfield>
    <subfield code="t">1</subfield>
    <subfield code="w">2023-07-11</subfield>
    <subfield code="y">BK</subfield>
    <subfield code="z">29</subfield>
  </datafield>
  <datafield tag="952" ind1=" " ind2=" ">
    <subfield code="0">0</subfield>
    <subfield code="1">0</subfield>
    <subfield code="4">0</subfield>
    <subfield code="7">0</subfield>
    <subfield code="8">Text Books</subfield>
    <subfield code="a">SKBL</subfield>
    <subfield code="b">SKBL</subfield>
    <subfield code="d">2023-07-11</subfield>
    <subfield code="e">29</subfield>
    <subfield code="f">00000</subfield>
    <subfield code="g">450.00</subfield>
    <subfield code="l">3</subfield>
    <subfield code="o">181.452 Tr67Pa</subfield>
    <subfield code="p">3516/CU/SAN</subfield>
    <subfield code="r">2025-06-25 11:37:39</subfield>
    <subfield code="s">2025-02-17</subfield>
    <subfield code="t">2</subfield>
    <subfield code="w">2023-07-11</subfield>
    <subfield code="y">BK</subfield>
    <subfield code="z">29</subfield>
  </datafield>
  <datafield tag="999" ind1=" " ind2=" ">
    <subfield code="c">67082</subfield>
    <subfield code="d">67082</subfield>
  </datafield>
</record>
